ბათუმის შოთა რუსთაველის სახელმწიფო უნივერსიტეტის ბიბლიოთეკა

კოტე ელიოზიშვილი : (ბიბ.ჩანაწერი № 62027)

000 -ლიდერი
ფიქსირებული სიგრძის საკონტროლო ველი 00884nam a22001937a 4500
003 - საკონტროლო ნომრის იდენტიფიკატორი
საკონტროლო ველი Ge_BSU
005 - ბოლო ოპერაციის თარიღი და დრო
საკონტროლო ველი 20240624171705.0
008 - ფიქსირებული სიგრძის მონაცემთა ელემენტები - ზოგადი ინფორმაცია
ფიქსირებული სიგრძის საკონტროლო ველი 240624s1976 ge ||||| |||| 00| 0 geo d
041 ## - ენის კოდი
Language code of text/sound track or separate title geo
080 ## - უნივერსალური ათობითი კლასიფიკაციის ინდექსი
Universal Decimal Classification number 61(479.22)(092) ს-78
100 ## - მთავარი ჩანაწერი - პიროვნების სახელი
Personal name სრესელი, იოსებ
9 (RLIN) 22561
245 ## - ცნობა სათაურის შესახებ
Title კოტე ელიოზიშვილი :
Remainder of title [ექიმის ცხოვრება და მოღვაწეობა] /
Statement of responsibility, etc იოსებ სრესელი; რედ. ე. ფალიანი.
264 ## - წარმოების, გამოცემის, დისტრიბუციის და სხვა ცნობები
გამოცემის, წარმოების, დისტრიბუციის... ადგილი თბ. :
გამოცემის, წარმოების, დისტრიბუციის... სახელწოდება საბჭ. საქართველო,
გამოცემის, წარმოების, დისტრიბუციის... თარიღი 1976.
300 ## - ფიზიკური აღწერა
Extent 36 გვ. :
Other physical details 3 ფ. ილ. ;
Dimensions 20 სმ.
653 ## - INDEX TERM--UNCONTROLLED
Uncontrolled term ელიოზიშვილი, იოსებ
653 ## - INDEX TERM--UNCONTROLLED
Uncontrolled term ქართველი ექიმები
700 ## - ADDED ENTRY--PERSONAL NAME
Personal name ფალიანი, ე.
Relator term რედაქტორი
9 (RLIN) 4048
942 ## - ADDED ENTRY ELEMENTS (KOHA)
Source of classification or shelving scheme
Koha item type წიგნი

არაა ხელმისაწვდომი ეგზემპლარები.